[Event "IMSA Basque 2016"]
[Site "Huai'an CHN"]
[Date "2016.03.02"]
[Round "1.7"]
[White "Harikrishna, Pentala"]
[Black "Movsesian, Sergei"]
[Result "1-0"]
[WhiteTitle "GM"]
[BlackTitle "GM"]
[WhiteElo "2753"]
[BlackElo "2653"]
[WhiteFideId "5007003"]
[BlackFideId "310204"]
[EventDate "2016.03.02"]

1. e4 c5 2. Nf3 e6 3. d4 cxd4 4. Nxd4 Nf6 5. Nc3 d6 6. g4 e5 7. Bb5+ Bd7 8.
Bxd7+ Qxd7 9. Nf5 h5 10. Bg5 Nh7 11. Be3 hxg4 12. Nd5 g6 13. Ng3 Nc6 14. Qd3 Ne7
15. Nc3 Nf6 16. Bg5 Bg7 17. O-O-O Rd8 18. Kb1 a6 19. Nf1 Rh5 20. Bxf6 Bxf6 21.
Ne3 Bg5 22. Ned5 Nc6 23. Nb6 Qe6 24. Ncd5 Kf8 25. Qg3 Rh3 26. Qg2 Rh4 27. h3 Kg7
28. Nc7 Qe7 29. Ncd5 Qe6 30. f3 g3 31. Qxg3 f6 32. a3 Rdh8 33. Qg2 Nd4 34. Qf1
Qf7 35. Rd3 Ne6 36. Nc4 Rd8 37. Ndb6 Qc7 38. Qd1 Rhh8 39. c3 Bf4 40. h4 Qc6 41.
Rg1 Rxh4 42. Nxd6 Rhh8 43. Nf5+ Kf7 44. Rd6 Rxd6 45. Nxd6+ Kg7 46. Nf5+ Kf7 47.
Rxg6 Qxb6 48. Rg7+ Kf8 49. Qd7 Rh1+ 50. Ka2 Qb3+ 51. Kxb3 Nc5+ 52. Kb4 Nxd7 53.
Rxd7 Rb1 54. Kb3 b5 55. Rd6 a5 56. Rxf6+ Kg8 57. Rb6 a4+ 58. Ka2 Rf1 59. Rxb5
Rf2 60. Ne7+ Kf7 61. Nd5 Bc1 62. Nb6 1-0

[Event "IMSA Basque 2016"]
[Site "Huai'an CHN"]
[Date "2016.03.02"]
[Round "1.8"]
[White "Movsesian, Sergei"]
[Black "Harikrishna, Pentala"]
[Result "1/2-1/2"]
[WhiteTitle "GM"]
[BlackTitle "GM"]
[WhiteElo "2653"]
[BlackElo "2753"]
[WhiteFideId "310204"]
[BlackFideId "5007003"]
[EventDate "2016.03.02"]

1. c4 e5 2. g3 Nf6 3. Bg2 d5 4. cxd5 Nxd5 5. Nc3 Nb6 6. Nf3 Nc6 7. O-O Be7 8.
Rb1 a5 9. b3 O-O 10. Bb2 Re8 11. d3 Bf8 12. Nd2 Bg4 13. h3 Bh5 14. Nc4 Nxc4 15.
bxc4 Rb8 16. Ba1 Nd4 17. g4 Bg6 18. Ne4 f5 19. Ng3 fxg4 20. hxg4 Qd7 21. e3 Ne6
22. Ne4 Nc5 23. Nxc5 Bxc5 24. Rb5 b6 25. d4 exd4 26. Bxd4 c6 27. Rb2 Bxd4 28.
Qxd4 Qxd4 29. exd4 Be4 30. Rd1 Bxg2 31. Kxg2 b5 32. d5 bxc4 33. Rc2 Re5 34. dxc6
Rc5 35. Rd4 c3 36. Rd3 Rxc6 37. Rdxc3 Rxc3 38. Rxc3 Rb4 39. Kg3 Ra4 40. a3 Kf7
41. f3 h6 42. Re3 Kf6 43. Kg2 g6 44. Kg3 h5 45. gxh5 gxh5 46. f4 Rc4 47. Re5
Rc3+ 48. Kh4 Rxa3 49. Rxh5 Ra1 50. Rb5 a4 51. Kg3 a3 52. Ra5 Ra2 53. Kf3 Ra1 54.
Kg3 Rg1+ 55. Kf2 Ra1 56. Kg3 Rg1+ 1/2-1/2

[Event "IMSA Basque 2016"]
[Site "Huai'an CHN"]
[Date "2016.03.02"]
[Round "1.9"]
[White "Navara, David"]
[Black "Mamedov, Rauf"]
[Result "1-0"]
[WhiteTitle "GM"]
[BlackTitle "GM"]
[WhiteElo "2734"]
[BlackElo "2650"]
[WhiteFideId "309095"]
[BlackFideId "13401653"]
[EventDate "2016.03.02"]

1. d4 Nf6 2. c4 g6 3. Nc3 Bg7 4. e4 d6 5. Nf3 O-O 6. Be2 c5 7. O-O cxd4 8. Nxd4
Nc6 9. Be3 Bd7 10. f3 Nxd4 11. Bxd4 a5 12. b3 Bc6 13. Qd2 Nd7 14. Be3 Nc5 15.
Rab1 Qb6 16. Rfc1 Rfc8 17. Rc2 Qb4 18. Qc1 Qb6 19. Kh1 h5 20. a3 Qd8 21. Qd2 Kh7
22. Bf1 Qf8 23. b4 axb4 24. axb4 Na4 25. Ne2 Bd7 26. Nf4 Qh8 27. Nd5 e6 28. Nf4
Be8 29. Nh3 Kg8 30. Ng5 Rd8 31. Rb3 Bc6 32. Rd3 Be5 33. f4 Bf6 34. f5 exf5 35.
exf5 Qg7 36. fxg6 Qxg6 37. b5 Nc5 38. Rxd6 Ne4 39. Nxe4 Bxe4 40. Ra2 Rac8 41. c5
Rxd6 42. cxd6 Be5 43. d7 Rd8 44. Bd4 Qf6 45. Bg1 Qf5 46. Qe1 Qg6 47. Bd3 f5 48.
Bxe4 fxe4 49. Qd1 Qf5 50. Qd5+ Kh7 51. Rd2 h4 52. h3 Kg6 53. Qxb7 Bf6 54. Qc6
Kf7 55. b6 1-0

[Event "IMSA Basque 2016"]
[Site "Huai'an CHN"]
[Date "2016.03.02"]
[Round "1.10"]
[White "Mamedov, Rauf"]
[Black "Navara, David"]
[Result "1/2-1/2"]
[WhiteTitle "GM"]
[BlackTitle "GM"]
[WhiteElo "2650"]
[BlackElo "2734"]
[WhiteFideId "13401653"]
[BlackFideId "309095"]
[EventDate "2016.03.02"]

1. e4 c6 2. Nf3 d5 3. Nc3 Bg4 4. h3 Bxf3 5. Qxf3 e6 6. d4 Nf6 7. Bd3 dxe4 8.
Nxe4 Qxd4 9. O-O Nbd7 10. Rd1 Be7 11. Be3 Qb4 12. c3 Qa5 13. b4 Qc7 14. Bf4 e5
15. Bg5 Nxe4 16. Bxe7 Kxe7 17. Qxe4 Nf6 18. Qe3 Rhd8 19. Bc4 b6 20. Re1 e4 21.
Bd3 Qe5 22. Bxe4 Nxe4 23. Qxe4 Qxe4 24. Rxe4+ Kf8 25. Rae1 Re8 26. Kf1 Rxe4 27.
Rxe4 1/2-1/2

[Event "IMSA Basque 2016"]
[Site "Huai'an CHN"]
[Date "2016.03.02"]
[Round "1.11"]
[White "Tomashevsky, Evgeny"]
[Black "Wang, Hao"]
[Result "1-0"]
[WhiteTitle "GM"]
[BlackTitle "GM"]
[WhiteElo "2728"]
[BlackElo "2717"]
[WhiteFideId "4147235"]
[BlackFideId "8602883"]
[EventDate "2016.03.02"]

1. e4 e6 2. d4 d5 3. Nd2 c5 4. exd5 Qxd5 5. Ngf3 cxd4 6. Bc4 Qd6 7. O-O Nf6 8.
Nb3 Nc6 9. Nbxd4 Nxd4 10. Nxd4 a6 11. Re1 Qc7 12. Bf1 Bd6 13. Nf5 Bxh2+ 14. Kh1
O-O 15. Nxg7 Rd8 16. Bd3 Kxg7 17. Qd2 Bf4 18. Qxf4 Qxf4 19. Bxf4 Nd5 20. Bd2 f6
21. Re4 e5 22. Rh4 f5 23. f3 Nf6 24. Bc3 Bd7 25. Bxe5 Re8 26. Bxf6+ Kxf6 27.
Rxh7 Bc6 28. Kg1 Rad8 29. Kf2 Bb5 30. Rd1 Rc8 31. Rd2 Bc6 32. Rh5 Bd7 33. Re2
Rxe2+ 34. Kxe2 Rg8 35. Kf2 Rg7 36. f4 Be6 37. g3 1-0

[Event "IMSA Basque 2016"]
[Site "Huai'an CHN"]
[Date "2016.03.02"]
[Round "1.12"]
[White "Wang, Hao"]
[Black "Tomashevsky, Evgeny"]
[Result "0-1"]
[WhiteTitle "GM"]
[BlackTitle "GM"]
[WhiteElo "2717"]
[BlackElo "2728"]
[WhiteFideId "8602883"]
[BlackFideId "4147235"]
[EventDate "2016.03.02"]

1. c4 e5 2. g3 Nf6 3. Bg2 d5 4. cxd5 Nxd5 5. Nc3 Nb6 6. Nf3 Nc6 7. O-O Be7 8.
Rb1 a5 9. d3 O-O 10. Be3 Be6 11. Rc1 Kh8 12. a3 f5 13. Bxb6 cxb6 14. Nd2 Rc8 15.
Nb5 Bc5 16. Nc4 Qe7 17. b4 axb4 18. axb4 Bxc4 19. Rxc4 Nxb4 20. Qb1 Nc6 21. Nc3
Qe6 22. Na4 e4 23. Nxb6 Ne5 24. Rxc5 Rxc5 25. d4 Rc6 26. d5 Rxb6 27. dxe6 Rxb1
28. Rxb1 Re8 29. Rxb7 g6 30. Rb6 Kg7 31. f3 exf3 32. exf3 Kf6 33. f4 Nc4 34. e7+
Nxb6 0-1

[Event "IMSA Basque 2016"]
[Site "Huai'an CHN"]
[Date "2016.03.02"]
[Round "1.13"]
[White "Fressinet, Laurent"]
[Black "Dominguez Perez, Leinier"]
[Result "1-0"]
[WhiteTitle "GM"]
[BlackTitle "GM"]
[WhiteElo "2700"]
[BlackElo "2732"]
[WhiteFideId "608742"]
[BlackFideId "3503240"]
[EventDate "2016.03.02"]

1. d4 Nf6 2. c4 e6 3. Nf3 Bb4+ 4. Bd2 Bxd2+ 5. Nbxd2 d6 6. g3 Qe7 7. Bg2 O-O 8.
Nf1 d5 9. Ne3 c6 10. O-O b6 11. Rc1 Bb7 12. Ne5 Rd8 13. Qa4 Nfd7 14. Nd3 Nf6 15.
Rfd1 Nbd7 16. cxd5 exd5 17. Nb4 Nb8 18. Qb3 g6 19. Rc2 a5 20. Nd3 Nbd7 21. a4
Re8 22. Qa3 Qxa3 23. bxa3 Ne4 24. Rb1 Ra6 25. Bh3 Ndf6 26. Nd1 Ba8 27. Rcb2 b5
28. axb5 cxb5 29. Rxb5 Bc6 30. Rb8 Ra8 31. Rxa8 Rxa8 32. Rb6 Ba4 33. N1b2 Bc2
34. f3 Ng5 35. Bf1 Kg7 36. Nc5 Bf5 37. g4 Bc8 38. Nbd3 Nd7 39. Nxd7 Bxd7 40. Nc5
Bc8 41. Kf2 Ne6 42. e3 Nxc5 43. dxc5 Kf8 44. Bb5 Be6 45. Ra6 Rc8 46. c6 Ke7 47.
Rxa5 Kd6 48. Ra7 g5 49. a4 Rh8 50. Rb7 h5 51. gxh5 Rxh5 52. Kg2 Rh8 53. a5 Ra8
54. a6 Kc5 55. a7 Kd6 56. c7 Kc5 57. Be8 Kd6 58. Bxf7 Bd7 59. Bh5 Bc6 60. Rb8
Kxc7 61. Rxa8 Bxa8 62. Kg3 1-0

[Event "IMSA Basque 2016"]
[Site "Huai'an CHN"]
[Date "2016.03.02"]
[Round "1.14"]
[White "Dominguez Perez, Leinier"]
[Black "Fressinet, Laurent"]
[Result "1-0"]
[WhiteTitle "GM"]
[BlackTitle "GM"]
[WhiteElo "2732"]
[BlackElo "2700"]
[WhiteFideId "3503240"]
[BlackFideId "608742"]
[EventDate "2016.03.02"]

1. d4 Nf6 2. Nf3 g6 3. e3 Bg7 4. Be2 O-O 5. O-O d6 6. c4 c5 7. Nc3 Nc6 8. d5 Na5
9. h3 e6 10. e4 Re8 11. Bd3 a6 12. Bg5 h6 13. Be3 exd5 14. exd5 Rb8 15. Qd2 Kh7
16. Rfe1 Bd7 17. Bf4 Qc7 18. Rxe8 Bxe8 19. Re1 b5 20. b3 bxc4 21. bxc4 Rb4 22.
Ne4 Nxe4 23. Rxe4 Ba4 24. Bxh6 Bf6 25. Rf4 Qe7 26. Bg5 Bxg5 27. Nxg5+ Kg8 28.
Rxf7 Qe5 29. Ra7 Rb2 30. Ra8+ Kg7 31. Ne6+ Kh7 32. Ra7+ Kg8 33. Qh6 Qe1+ 34. Kh2
Qe5+ 35. f4 Rxg2+ 36. Kxg2 Qb2+ 37. Kg3 1-0

[Event "IMSA Basque 2016"]
[Site "Huai'an CHN"]
[Date "2016.03.02"]
[Round "2.5"]
[White "Harikrishna, Pentala"]
[Black "Navara, David"]
[Result "1/2-1/2"]
[WhiteTitle "GM"]
[BlackTitle "GM"]
[WhiteElo "2753"]
[BlackElo "2734"]
[WhiteFideId "5007003"]
[BlackFideId "309095"]
[EventDate "2016.03.02"]

1. e4 c6 2. d4 d5 3. Nd2 dxe4 4. Nxe4 Bf5 5. Ng3 Bg6 6. Nh3 e6 7. Bc4 Bd6 8. Nf4
Nf6 9. c3 Qc7 10. Qf3 Nbd7 11. h4 c5 12. dxc5 Qxc5 13. Qe2 Rc8 14. Bb3 Qc7 15.
h5 Bxf4 16. Bxf4 Qxf4 17. hxg6 Nc5 18. Bc2 fxg6 19. Bxg6+ Ke7 20. Bc2 Rhd8 21.
Rh4 Qg5 22. Rd4 Rxd4 23. cxd4 Ncd7 24. Kf1 Nd5 25. Re1 Ne3+ 26. Qxe3 Qxe3 27.
Nf5+ exf5 28. Rxe3+ Kf6 29. Bb3 Rc6 30. Re8 Rd6 31. Rc8 Rxd4 32. Rc7 Ne5 33.
Rxb7 Rd2 34. Rxa7 Ng4 35. Rf7+ Kg6 36. Rb7 Rxf2+ 37. Ke1 Rxg2 38. a4 Ne3 39.
Bf7+ Kh6 40. Be8 f4 41. Bc6 Rc2 42. Bf3 Rc1+ 43. Kd2 Ra1 44. b3 g5 45. Be4 g4
46. Rxh7+ Kg5 47. Rg7+ Kf6 48. Rg8 Ke5 49. Bc6 Rd1+ 50. Ke2 Rb1 51. a5 Rb2+ 52.
Kd3 Rxb3+ 53. Ke2 Ra3 54. Bb7 Kd4 55. Rd8+ Kc5 56. a6 Kb6 57. Rd4 Ra2+ 58. Kd3
Rf2 59. Rd6+ Ka7 60. Rd7 g3 61. Rf7 Kb6 62. Rf6+ Ka7 63. Rf7 Rb2 64. Rxf4 Rxb7
65. axb7 g2 66. Rf8 Kxb7 67. Rg8 Nd5 68. Kd4 Nf4 69. Ke4 Ne6 70. Rxg2 Kc6 71.
Ke5 Nc7 72. Rc2+ Kd7 73. Rc5 Ne8 74. Rd5+ Ke7 75. Ra5 Nc7 76. Ra7 Kd7 77. Rxc7+
Kxc7 78. Ke4 1/2-1/2

[Event "IMSA Basque 2016"]
[Site "Huai'an CHN"]
[Date "2016.03.02"]
[Round "2.6"]
[White "Navara, David"]
[Black "Harikrishna, Pentala"]
[Result "1-0"]
[WhiteTitle "GM"]
[BlackTitle "GM"]
[WhiteElo "2734"]
[BlackElo "2753"]
[WhiteFideId "309095"]
[BlackFideId "5007003"]
[EventDate "2016.03.02"]

1. d4 Nf6 2. c4 e6 3. Nf3 d5 4. Bg5 Be7 5. Nc3 h6 6. Bxf6 Bxf6 7. Qc2 c5 8. dxc5
dxc4 9. e3 Qa5 10. Bxc4 Bxc3+ 11. Qxc3 Qxc3+ 12. bxc3 Nd7 13. Bb5 Ke7 14. c6
bxc6 15. Bxc6 Rb8 16. Nd4 Ne5 17. f4 Nc4 18. Bb5 Na5 19. Kf2 Bb7 20. Rab1 Bd5
21. Rb4 Rhc8 22. Ra4 a6 23. Bxa6 Rb2+ 24. Be2 Nb7 25. Rc1 Nd6 26. Kg1 Rxa2 27.
Rxa2 Bxa2 28. Bf3 Rc5 29. e4 Nb5 30. Nxb5 Rxb5 31. Kf2 g5 32. Ke3 Rb2 33. fxg5
hxg5 34. c4 Kd6 35. c5+ Kc6 36. Kd4 g4 37. Bxg4 Rd2+ 38. Ke5 Rxg2 39. h3 Rf2 40.
Rc3 Bb1 41. Bf3 Rh2 42. Bh5 f5 43. exf5 Bxf5 44. Bg4 Rf2 45. Bf3+ Kc7 46. h4 Rh2
47. h5 Rb2 48. c6 Rb5+ 49. Kf6 Rb4 50. Ra3 Kd6 51. Ra7 e5 52. Kxf5 Rf4+ 53. Kg6
Rxf3 54. c7 Rg3+ 55. Kf7 Kd7 56. h6 Rf3+ 57. Kg6 Rg3+ 58. Kf5 Rh3 59. c8=Q+ 1-0

[Event "IMSA Basque 2016"]
[Site "Huai'an CHN"]
[Date "2016.03.02"]
[Round "2.7"]
[White "Fressinet, Laurent"]
[Black "Wojtaszek, Radoslaw"]
[Result "1/2-1/2"]
[WhiteTitle "GM"]
[BlackTitle "GM"]
[WhiteElo "2700"]
[BlackElo "2727"]
[WhiteFideId "608742"]
[BlackFideId "1118358"]
[EventDate "2016.03.02"]

1. Nf3 d5 2. g3 c6 3. Bg2 Bg4 4. O-O e6 5. d3 Nf6 6. h3 Bxf3 7. Bxf3 Nbd7 8. Bg2
Bc5 9. Nd2 O-O 10. e3 a5 11. c4 a4 12. Qc2 Qe7 13. Nf3 Rfc8 14. Bd2 Bb4 15. Rac1
Bxd2 16. Qxd2 Qd8 17. Rfd1 Qa5 18. Qc2 h6 19. cxd5 exd5 20. Nd4 Re8 21. Nf5 Qb4
22. e4 Nf8 23. a3 Qb6 24. Qc3 N8d7 25. Re1 Re5 26. d4 Nxe4 27. Bxe4 Rxe4 28.
Rxe4 dxe4 29. d5 Nf6 30. dxc6 bxc6 31. Nxh6+ gxh6 32. Qxf6 e3 33. Qxh6 exf2+ 34.
Kg2 Qxb2 35. Qxc6 Rd8 36. Qc5 Rd5 37. Qxd5 f1=Q+ 38. Kxf1 Qxc1+ 39. Kg2 Qb2+ 40.
Kf1 Qxa3 41. Qg5+ Kf8 42. Qd8+ Kg7 43. Qg5+ Kf8 44. Qd8+ 1/2-1/2

[Event "IMSA Basque 2016"]
[Site "Huai'an CHN"]
[Date "2016.03.02"]
[Round "2.8"]
[White "Wojtaszek, Radoslaw"]
[Black "Fressinet, Laurent"]
[Result "1/2-1/2"]
[WhiteTitle "GM"]
[BlackTitle "GM"]
[WhiteElo "2727"]
[BlackElo "2700"]
[WhiteFideId "1118358"]
[BlackFideId "608742"]
[EventDate "2016.03.02"]

1. d4 Nf6 2. c4 e6 3. Nf3 d5 4. Nc3 c6 5. Bg5 Nbd7 6. e3 h6 7. Bh4 g5 8. Bg3 Nh5
9. cxd5 Nxg3 10. hxg3 cxd5 11. Bd3 Bg7 12. Rc1 a6 13. g4 Nf6 14. Ne5 Nd7 15.
Nxd7 Bxd7 16. Ne2 Qa5+ 17. Qd2 Qxd2+ 18. Kxd2 Ke7 19. f3 Rhc8 20. Rxc8 Rxc8 21.
Rc1 Rxc1 22. Nxc1 f5 23. Nb3 fxg4 24. fxg4 e5 25. Be2 exd4 26. Nxd4 Bxd4 27.
exd4 a5 28. Bf3 Kd6 29. Be2 Ke7 30. Bf3 Kd6 31. Be2 1/2-1/2

[Event "IMSA Basque 2016"]
[Site "Huai'an CHN"]
[Date "2016.03.02"]
[Round "2.9"]
[White "Dominguez Perez, Leinier"]
[Black "Sargissian, Gabriel"]
[Result "1-0"]
[WhiteTitle "GM"]
[BlackTitle "GM"]
[WhiteElo "2732"]
[BlackElo "2702"]
[WhiteFideId "3503240"]
[BlackFideId "13300881"]
[EventDate "2016.03.02"]

1. d4 Nf6 2. Nf3 d5 3. c4 e6 4. Nc3 Be7 5. g3 O-O 6. Bg2 Nbd7 7. Qd3 b6 8. cxd5
Nxd5 9. Nxd5 exd5 10. O-O Bb7 11. Bf4 c5 12. b3 Bf6 13. Rac1 Re8 14. Rfd1 a5 15.
e3 a4 16. h4 h6 17. Bh3 axb3 18. axb3 Bc6 19. Qc2 Qe7 20. dxc5 bxc5 21. Bxd7
Bxd7 22. Qxc5 Bg4 23. Qxe7 Rxe7 24. Kg2 Rb7 25. Rxd5 Rxb3 26. Be5 Bxf3+ 27. Kxf3
Rba3 28. Bf4 R3a5 29. Rcc5 Rxc5 30. Rxc5 Be7 31. Rb5 Rd8 32. h5 Bd6 33. Rd5 Be7
34. e4 Re8 35. Rb5 Ba3 36. Be3 Re6 37. Bd4 Be7 38. Rb8+ Kh7 39. Rb7 Kg8 40. Rb5
Bg5 41. Rb8+ Kh7 42. Rf8 Re7 43. e5 g6 44. Ke4 Kg7 45. Rc8 f6 46. f4 fxe5 47.
Bxe5+ Bf6 48. Rc6 1-0

[Event "IMSA Basque 2016"]
[Site "Huai'an CHN"]
[Date "2016.03.02"]
[Round "2.10"]
[White "Sargissian, Gabriel"]
[Black "Dominguez Perez, Leinier"]
[Result "1/2-1/2"]
[WhiteTitle "GM"]
[BlackTitle "GM"]
[WhiteElo "2702"]
[BlackElo "2732"]
[WhiteFideId "13300881"]
[BlackFideId "3503240"]
[EventDate "2016.03.02"]

1. d4 Nf6 2. c4 e6 3. Nc3 Bb4 4. Nf3 c5 5. g3 Nc6 6. Bg2 Ne4 7. Bd2 Nxd2 8. Qxd2
cxd4 9. Nxd4 O-O 10. O-O Ne5 11. b3 a6 12. Rfd1 Qa5 13. Rac1 Rb8 14. a4 b6 15.
Nf3 Bb7 16. Nxe5 Qxe5 17. Qd3 Bxg2 18. Kxg2 Rfd8 19. Qf3 h6 20. Rd3 Bxc3 21.
Rcxc3 b5 22. axb5 axb5 23. c5 b4 24. Rc4 Rbc8 25. Rxb4 Rxc5 26. Rb7 Rc7 27. Rxc7
Qxc7 28. b4 Rb8 29. Rb3 Qc4 30. Qd3 Rxb4 31. Rxb4 Qxb4 32. Qxd7 Qe4+ 33. Kg1
Qb1+ 34. Kg2 Qe4+ 35. Kg1 1/2-1/2

[Event "IMSA Basque 2016"]
[Site "Huai'an CHN"]
[Date "2016.03.02"]
[Round "2.11"]
[White "Movsesian, Sergei"]
[Black "Li, Chao b"]
[Result "1-0"]
[WhiteTitle "GM"]
[BlackTitle "GM"]
[WhiteElo "2653"]
[BlackElo "2751"]
[WhiteFideId "310204"]
[BlackFideId "8604436"]
[EventDate "2016.03.02"]

1. e4 c5 2. Nf3 Nc6 3. d4 cxd4 4. Nxd4 e5 5. Nb5 a6 6. N5c3 Bc5 7. Bc4 Nge7 8.
O-O O-O 9. Nd5 b5 10. Bb3 Ng6 11. a4 Bb7 12. axb5 axb5 13. Rxa8 Bxa8 14. c3 d6
15. Nd2 Nce7 16. Nf3 Nxd5 17. Bxd5 Bxd5 18. Qxd5 Qa8 19. Qd3 b4 20. cxb4 Bxb4
21. Be3 h6 22. Rc1 Rc8 23. Rxc8+ Qxc8 24. g3 Qc6 25. Kg2 Ne7 26. Bd2 Bxd2 27.
Nxd2 d5 28. b4 f5 29. exf5 e4 30. Qb3 Kh7 31. b5 Qb7 32. f6 gxf6 33. Qb4 Nf5 34.
Qc5 Kg6 35. b6 e3 36. fxe3 Qa6 37. Kf2 Qd3 38. Nf1 d4 39. Qc1 Qb3 40. e4 Nd6 41.
Qc6 Nc4 42. b7 Qb2+ 43. Kg1 Ne3 44. e5 Ng4 45. Qe4+ f5 46. Qc6+ Kg7 47. Qd7+ Kg6
48. Qe6+ Kg7 49. Qxf5 Ne3 50. Qf6+ Kh7 51. Qf7+ Kh8 52. Qf8+ Kh7 53. Nxe3 Qxb7
54. Qf5+ Kh8 55. Ng4 1-0

[Event "IMSA Basque 2016"]
[Site "Huai'an CHN"]
[Date "2016.03.02"]
[Round "2.12"]
[White "Li, Chao b"]
[Black "Movsesian, Sergei"]
[Result "1/2-1/2"]
[WhiteTitle "GM"]
[BlackTitle "GM"]
[WhiteElo "2751"]
[BlackElo "2653"]
[WhiteFideId "8604436"]
[BlackFideId "310204"]
[EventDate "2016.03.02"]

1. d4 d5 2. c4 c6 3. Nf3 Nf6 4. Nc3 a6 5. Ne5 Nbd7 6. Bf4 dxc4 7. Nxc4 b5 8. Ne5
Bb7 9. e3 e6 10. Be2 Be7 11. O-O O-O 12. Bf3 Nd5 13. Bg3 Rc8 14. a4 Nxe5 15.
Bxe5 c5 16. axb5 Nxc3 17. bxc3 Bxf3 18. Qxf3 axb5 19. Qb7 cxd4 20. Rfd1 d3 21.
Rab1 Bf6 22. Qxb5 Bxe5 23. Qxe5 d2 24. Qd4 Qc7 25. Qxd2 Qxc3 26. Qxc3 Rxc3 27.
Rb7 Rfc8 28. g4 Rc1 29. Rxc1 Rxc1+ 30. Kg2 h6 31. h4 Rc4 32. f4 g6 33. Kf3 Kg7
34. g5 hxg5 35. hxg5 Ra4 36. Rc7 Rb4 37. e4 Rb3+ 38. Kg4 Rb4 39. e5 Rb3 1/2-1/2

[Event "IMSA Basque 2016"]
[Site "Huai'an CHN"]
[Date "2016.03.02"]
[Round "2.15"]
[White "Mamedov, Rauf"]
[Black "Wang, Hao"]
[Result "1/2-1/2"]
[WhiteTitle "GM"]
[BlackTitle "GM"]
[WhiteElo "2650"]
[BlackElo "2717"]
[WhiteFideId "13401653"]
[BlackFideId "8602883"]
[EventDate "2016.03.02"]

1. e4 e6 2. d4 d5 3. Nd2 c5 4. exd5 Qxd5 5. Ngf3 cxd4 6. Bc4 Qd7 7. O-O Nc6 8.
Nb3 Nf6 9. Nbxd4 Nxd4 10. Nxd4 a6 11. Re1 b5 12. Bb3 Bb7 13. Bg5 Ne4 14. Bh4 g5
15. Bg3 Bg7 16. c3 O-O 17. Nf3 Qxd1 18. Raxd1 Nxg3 19. hxg3 h6 20. Rd7 Bc6 21.
Rd6 Rfc8 22. Ne5 Be8 23. f4 a5 24. a3 Bf8 25. Rd3 b4 26. axb4 axb4 27. c4 Bc5+
28. Kf1 Kg7 29. Nd7 Ba7 30. Red1 Rc7 31. Ne5 Bc5 32. Rd8 Rcc8 33. R8d3 Be7 34.
Ke2 Rc7 35. Nd7 f6 36. c5 Bh5+ 37. Ke1 Bxd1 38. Kxd1 Ra1+ 39. Ke2 Rc6 40. f5
exf5 41. Bd5 Rc7 42. c6 Ra5 43. Re3 Bd8 44. Bb3 Raa7 45. Re8 Rxd7 46. cxd7 Rxd7
47. Be6 Rd4 48. Bxf5 h5 49. Re4 Rd5 50. Be6 Rd6 51. Bb3 Rb6 52. Re8 Rd6 53. Re4
g4 54. Rxb4 Rd7 55. Rb5 Kh6 56. Bc4 Re7+ 57. Kd3 Bc7 58. Rb7 Kg5 59. b3 f5 60.
Bd5 Kf6 61. Bc4 Rd7+ 62. Ke2 Ke5 63. Bd3 Kf6 64. b4 Re7+ 65. Kf1 Re3 66. Rxc7
Rxd3 67. Kf2 Rb3 68. Rb7 Rb2+ 69. Kg1 h4 70. gxh4 g3 71. Kf1 Ke5 72. h5 Kf4 73.
Rc7 Rb1+ 74. Ke2 Rxb4 75. h6 Rb2+ 76. Kf1 Rb1+ 77. Ke2 Rg1 78. Rc4+ Kg5 79. Kf3
Rh1 1/2-1/2

[Event "IMSA Basque 2016"]
[Site "Huai'an CHN"]
[Date "2016.03.02"]
[Round "2.16"]
[White "Wang, Hao"]
[Black "Mamedov, Rauf"]
[Result "1-0"]
[WhiteTitle "GM"]
[BlackTitle "GM"]
[WhiteElo "2717"]
[BlackElo "2650"]
[WhiteFideId "8602883"]
[BlackFideId "13401653"]
[EventDate "2016.03.02"]

1. d4 d6 2. e4 g6 3. Nc3 Bg7 4. Be3 c6 5. Qd2 b5 6. a3 a6 7. Nf3 Nf6 8. Bh6 O-O
9. Bxg7 Kxg7 10. e5 dxe5 11. Nxe5 Qd6 12. Qe3 Be6 13. Be2 Nbd7 14. Rd1 Qc7 15.
O-O Nxe5 16. dxe5 Nd5 17. Nxd5 Bxd5 18. Rd4 f6 19. Rh4 g5 20. Rg4 h6 21. f4 Qa7
22. Qxa7 Rxa7 23. fxg5 fxg5 24. Rxf8 Kxf8 25. h4 Be6 26. Rg3 gxh4 27. Rg6 Bf5
28. Rxc6 e6 29. b4 Be4 30. Rxe6 Rg7 31. Bf3 Bxf3 32. Rf6+ Ke7 33. Rxf3 Rg5 34.
Re3 Ke6 35. Kh2 Rg4 36. Rc3 a5 37. Rc6+ Kf5 38. bxa5 Ra4 39. e6 Kf6 40. a6 Rxa3
41. c3 Ke7 42. Rb6 Rxc3 43. Rxb5 Ra3 44. Rb6 h5 45. Kg1 h3 46. gxh3 Rxh3 47. Rb8
Ra3 48. Ra8 Ra1+ 49. Kh2 Ra2+ 50. Kh3 Ra3+ 51. Kh4 Ra4+ 52. Kxh5 Ra5+ 53. Kg4
Ra4+ 54. Kf3 Ra3+ 55. Ke2 Ra2+ 56. Kd3 Ra3+ 57. Ke4 Kd6 1-0

[Event "IMSA Basque 2016"]
[Site "Huai'an CHN"]
[Date "2016.03.02"]
[Round "3.1"]
[White "Tomashevsky, Evgeny"]
[Black "Navara, David"]
[Result "1/2-1/2"]
[WhiteTitle "GM"]
[BlackTitle "GM"]
[WhiteElo "2728"]
[BlackElo "2734"]
[WhiteFideId "4147235"]
[BlackFideId "309095"]
[EventDate "2016.03.02"]

1. e4 c6 2. d4 d5 3. Nc3 dxe4 4. Nxe4 Bf5 5. Ng3 Bg6 6. Nh3 e6 7. Nf4 Bd6 8. h4
Qc7 9. Nxg6 hxg6 10. Ne4 Nf6 11. Nxd6+ Qxd6 12. c3 Qd5 13. Be2 Qe4 14. Bg5 Nbd7
15. Qd3 Qxd3 16. Bxd3 O-O-O 17. O-O-O Nb6 18. g3 Nbd5 19. Rhe1 Rd7 20. Re2 Rhd8
21. Bc2 b5 22. Rh1 Kb7 23. f3 Rc8 24. Rd1 Ne8 25. Be3 Nxe3 26. Rxe3 Nf6 27. Re5
Nh5 28. Rg1 Rcd8 29. Be4 Kb6 30. f4 Nf6 31. Bf3 Nd5 32. Kc2 Rd6 33. Rge1 Ne7 34.
h5 Rh8 35. Rh1 Rdd8 36. hxg6 Nxg6 37. Reh5 Rxh5 38. Rxh5 Rh8 39. Kd3 Rg8 40. Be4
Ne7 41. b3 Nd5 42. a3 Nf6 43. Rh1 c5 44. dxc5+ Kxc5 45. Bf3 Rd8+ 46. Kc2 Nd5 47.
Bxd5 exd5 48. Rh7 Rg8 49. Kd3 f6 50. b4+ Kc6 51. Kd4 a6 52. f5 Kd6 53. g4 Kc6
54. Rh3 Re8 55. Re3 Rxe3 56. Kxe3 Kd7 57. Kf3 Ke7 58. Kg3 Kf7 59. Kf4 g5+ 60.
Ke3 Ke7 61. Kd3 Kd7 62. Ke3 Ke7 63. Kd3 Kd7 64. Ke3 Ke7 65. Kd4 1/2-1/2

[Event "IMSA Basque 2016"]
[Site "Huai'an CHN"]
[Date "2016.03.02"]
[Round "3.2"]
[White "Navara, David"]
[Black "Tomashevsky, Evgeny"]
[Result "1/2-1/2"]
[WhiteTitle "GM"]
[BlackTitle "GM"]
[WhiteElo "2734"]
[BlackElo "2728"]
[WhiteFideId "309095"]
[BlackFideId "4147235"]
[EventDate "2016.03.02"]

1. d4 Nf6 2. c4 e6 3. Nf3 b6 4. g3 Bb7 5. Bg2 Be7 6. O-O O-O 7. Re1 d5 8. cxd5
exd5 9. Nc3 c5 10. Bf4 Nbd7 11. dxc5 Nxc5 12. Rc1 Nfe4 13. Nd4 Nxc3 14. Rxc3 Bf6
15. Rc2 Qd7 16. b4 Bxd4 17. Qxd4 Ne6 18. Qd2 Rac8 19. Rec1 Rxc2 20. Rxc2 d4 21.
Bxb7 Qxb7 22. Qd3 h6 23. Bc1 Rd8 24. h4 Qd5 25. a4 h5 26. Bb2 Qd7 27. Qb3 Qb7
28. Qc4 Qe4 29. Qc6 Qg4 30. Kh2 Qf5 31. Kg2 Qg6 32. Bc1 Kh7 33. Rc4 Qf5 34. Qf3
Kg6 35. Bd2 Rd7 36. Qd3 Qxd3 37. exd3 Kf5 38. Kf3 Ke5 39. g4 hxg4+ 40. Kxg4 f5+
41. Kg3 g6 42. Rc8 Rd8 43. Bf4+ Kd5 44. Rc2 Rh8 45. Bc1 a6 46. Re2 b5 47. axb5
axb5 48. Ra2 Rc8 49. Bd2 Kd6 50. Kf3 Rh8 51. Ra6+ Kd5 52. Bg5 Rc8 53. Rb6 Rc3
54. Ke2 Rc2+ 55. Ke1 Rb2 56. Rxb5+ Kc6 57. Rb8 Rb3 58. Rg8 Rxd3 59. Rxg6 Kd5 60.
h5 Rh3 61. h6 Nxg5 62. Rxg5 Rxh6 63. Rxf5+ Kc4 64. Ke2 Rb6 65. Rc5+ Kxb4 66. Rc2
Rf6 67. Kd3 Rf4 68. Rc4+ Kb5 69. Rxd4 Rxf2 70. Ke3 Rb2 71. Rd2 Rxd2 72. Kxd2 1/2-1/2